Państwa po trzech sąsiadach - Statystyki

Ogólne statystyki
  • Ten quiz został rozwiązany 54 razy
  • Średni wynik to 12 z 15
Statystyki odpowiedzi
Sąsiedzi Państwo % Poprawnych
KazachstanIndie Laos Chiny
96%
HolandiaNiemcy Francja Belgia
96%
SłowacjaUkraina Niemcy Polska
96%
Stany ZjednoczoneBelize Gwatemala Meksyk
93%
RosjaFinlandia Szwecja Norwegia
89%
UrugwajParagwaj Chile Argentyna
87%
Austria Niemcy Włochy Szwajcaria
87%
PanamaEkwador Brazylia Kolumbia
85%
ChorwacjaWęgry Włochy Słowenia
85%
CzarnogóraKosowo Grecja Albania
76%
MarokoLibia Mauretania Algieria
70%
TajlandiaIndonezja Brunei Malezja
67%
Gruzja Syria Irak Turcja
65%
KeniaRwanda Sudan Południowy Uganda
54%
LiberiaGwinea Ghana Wybrzeże KościSłoniowej
50%
Nie znaleziono quizów pasujących do podanych kryteriów
Rozkład punktacji
Procent ludzi z każdym wynikiem
Percentyl według liczby udzielonych odpowiedzi
Twoja historia wyników
Nie rozwiązałeś tego quizu